000 00669nam a2200265 a 4500
003 AR-BaBNM
005 20251128204120.0
008 082120s2002 ||||||||||||||000 | spa||
040 _cAR-BaBNM
100 1 _aLevinson, Luisa Mercedes
245 0 0 _aLas tejedoras sin nombre
_bcuentos
250 _a3ª ed.
260 _aBuenos Aires
_bLosada
_c1980
300 _a161 p.
490 0 _aNovelistas de nuestra época
650 4 _aLITERATURA ARGENTINA
650 4 _aCUENTOS
650 4 _aESCRITORES
650 4 _aLITERATURA CONTEMPORANEA
653 _aNARRATIVA
653 _aLITERATURA FANTASTICA
655 _aLITERATURA
942 _cBK
998 _cMARTIN
999 _c6237
_d6237